Naher Osten Karten-Quiz - Statistiken

Allgemein
  • Dieses Quiz wurde 39.389 mal gespielt
  • Das Durchschnittsergebnis liegt bei 20 aus 27
Antworten auf der Karte
Die Antworten werden auf der Karte rot bzw. grün angezeigt, abhängig davon wie oft sie richtig erraten wurden.
 
Antwortstatistiken
Antwort % Korrekt
Ägypten
94%
Türkei
93%
Zypern
93%
Saudi-Arabien
89%
Irak
83%
Oman
83%
Iran
81%
Kasachstan
81%
Vereinigte Arabische
Emirate
79%
Israel
78%
Syrien
77%
Pakistan
76%
Jemen
75%
Afghanistan
73%
Palästina
73%
Bahrain
71%
Jordanien
71%
Aserbaidschan
70%
Katar
70%
Kuwait
69%
Libanon
69%
Armenien
67%
Georgien
63%
Tadschikistan
61%
Usbekistan
59%
Kirgisistan
58%
Turkmenistan
52%
Keine übereinstimmenden Quizze gefunden
Verteilung der Resultate
Anzahl Personen mit jedem Resultat
Perzentil nach korrekt beantworteten Fragen
Ihre Resultats-Entwicklung
Sie haben dieses Quiz noch nicht gespielt